1929 1911 1520 1828 1642 1312 1833 1456 1555 1488 1340 1331 1836 1607 1636 1289 1032 1379 1079 1234 1568 1260 1306 1096 1083 1703 1002 1381 1494 1514 1071 1694 1002 1657 1279 1803 1438 1247 1779 1604 1929 1285 1341 1769 1653 1966 1086 1829 1733 1170 1376 1860 1035 1558 1451 1676 1469 1309 1627 1646 1361 1004 1271 1535 1319 1017 1678 1509 1985 1528 1228 1815 1165 1507 1203 1072 1765 1010 1911 1041 1250 1924 1936 1642 1499 1356 1375 1424 1295 1334 1084 1061 1483 1887 1618 1622 1987 1797 1980 BCNSPRNW ULIB Ver.6.0+V

เปลี่ยนเป็นภาษาไทย

Change to English
 แสดงรายละเอียดบรรณานุกรม
  กลับหน้าหลัก

Brief Record : Get Marc (ISO 2709) : E-mail record : QR code < ปิดหน้าต่าง
LEADER : 00000nam 2200000uu 4500
001    13399111284
003     ULIB
008    110622s2550||||th 000 0 tha d
020    9749757300
050  0 QA95^bส247ค 2550
100 0  มหาวิทยาลัยสุโขทัยธรรมาธิราช สาขาวิทยาการจัดการ
245 00 คณิตศาสตร์และสถิติ หน่วยที่ 7-15 /^cเขียนโดย มหาวิทยาลัยสุโขทัยธรรมาธิราช สาขาวิทยาการจัดการ
250    ฉบับปรับปรุงครั้งที่ 1
260    กรุงเทพฯ:^bมหาวิทยาลัยสุโขทัยธรรมาธิราช สาขาวิทยาการจัดการ,^c2550
650  0 คณิตศาสตร์^xสถิติ
945    ^p297^l0^i14887
945    ^p297^l0^i14886
995    กัณชพร
999 ^a ใช้งานได้ทุกระบบ
รายการนี้ยังไม่มีแท็ก
คุณยังไม่ได้ล็อกอิน คุณสามารถมีกิจกรรมร่วมกับเว็บไซต์ได้ แต่ต้องล็อกอินก่อน ::
  ล็อกอิน

รายการสื่อสารสนเทศ

ลำดับที่ ประเภท เลขเรียก/บาร์โค้ด สถานที่ สถานะ
- ไม่พบข้อมูล -

รายการใกล้เคียง
    ผู้แต่ง [มหาวิทยาลัยสุโขทัยธรรมาธิราช สาขาวิทยาการจัดการ]

BibComment


ยังไม่เคยถูกคอมเมนท์

คอมเมนท์ทรัพยากรรายการนี้
  คอมเมนท์: คณิตศาสตร์และสถิต..


 Copyright 2026. Bcnsprnw @Library